| 000 | 01349nkm a2200313 i 4500 | ||
|---|---|---|---|
| 001 | 3956 | ||
| 003 | ES-MaACL | ||
| 005 | 20251009172042.0 | ||
| 007 | khrbo | ||
| 008 | 070619s1987 sp --- g |001||spa d | ||
| 100 | 0 |
_aAlfonso, _d1902-1990 _919858 |
|
| 245 | 1 | 0 |
_aPresentación del libro "La izquierda europea" de Manuel Azcárate [ _hFotografía] / _cAlfonso (sello). |
| 260 |
_a[S.l. : _bs.n.], _c1987. |
||
| 300 |
_a2 fot. : _bb. y n. ; _c12 x 18 cm. |
||
| 500 | _aDatos basados en invitación. | ||
| 511 | 0 | _aIntervienen: Manuel Azcárate, Carlos Alonso Zaldívar, Antonio Elorza, Antonio García Santesmases, Santos Juliá, Julio Segura. | |
| 518 | _aActo organizado por el Ateneo de Madrid, celebrado en el salón de actos el jueves, 19 de febrero de 1987, a las 20:00 h. | ||
| 600 | 1 | 4 |
_aAzcárate, Manuel. _924247 |
| 600 | 1 | 4 |
_aAlonso Zaldívar, Carlos. _920436 |
| 600 | 1 | 4 |
_aElorza, Antonio, _d1943- _947089 |
| 600 | 1 | 4 |
_aGarcía Santesmases, Antonio. _955271 |
| 600 | 1 | 4 |
_aJuliá, Santos, _d1940-2019 _967236 |
| 600 | 1 | 4 |
_aSegura, Julio. _9105210 |
| 610 | 2 | 4 |
_aAteneo de Madrid- _xActos culturales- _y1987- _vFotografías. _91902 |
| 710 | 2 |
_aAteneo de Madrid. _91875 |
|
| 852 |
_aES-MaACL _jFOT 22/1987 |
||
| 856 | 4 |
_uhttp://www.ateneodemadrid.net/biblioteca_digital/imagenes/1987/0022-1987.jpg _zVer imagen |
|
| 999 |
_c3956 _d3956 |
||